000 00828nam a2200253 a 4500
001
003 DO-SdBNP
005 20211006135237.0
008 090921s2002 dr a 000 p spa d
040 _aDO-SdBNP
_bspa
_cBPMSU
082 _aRD861.44
_bB443s 2002
_222
100 1 _aBelliard, Basilio,
_d1966-
245 1 0 _aSueño escrito /
_cBasilio Belliard.
260 _aSanto Domingo :
_bEditora Nacional:
_bSecretaría de Estado de Educación,
_c2002.
300 _a52 p. ;
_c16 cm.
_b
490 0 _aLiteraria los premios
500 _aIncluye datos biográficos del autor en la contracubierta.
586 _aPremio anual de Poesía Salomé Ureña de Henríquez, 2002.
590 _aInventariado, 2021/VM
650 4 _aPoesía dominicana
650 4 _aLiteratura dominicana.
910 _aVMateo V.
942 _2ddc
_cBK
999 _c13770
_d13770